<?xml version="1.0" encoding="UTF-8"?>
<record
    xmlns:xsi="http://www.w3.org/2001/XMLSchema-instance"
    xsi:schemaLocation="http://www.loc.gov/MARC21/slim http://www.loc.gov/standards/marcxml/schema/MARC21slim.xsd"
    xmlns="http://www.loc.gov/MARC21/slim">

  <leader>01920nam0a2200337   4500</leader>
  <controlfield tag="001">RU\NLR\bibl\5326</controlfield>
  <controlfield tag="005">20260406051004.0</controlfield>
  <datafield tag="010" ind1=" " ind2=" ">
    <subfield code="a">5-86981-049-3</subfield>
    <subfield code="9">300</subfield>
  </datafield>
  <datafield tag="021" ind1=" " ind2=" ">
    <subfield code="a">RU</subfield>
    <subfield code="b">98-6083</subfield>
    <subfield code="9">293</subfield>
  </datafield>
  <datafield tag="035" ind1=" " ind2=" ">
    <subfield code="a">(NLR Aleph) 000005184</subfield>
  </datafield>
  <datafield tag="090" ind1=" " ind2=" ">
    <subfield code="a">14414</subfield>
    <subfield code="c">14414</subfield>
  </datafield>
  <datafield tag="100" ind1=" " ind2=" ">
    <subfield code="a">19980825d1997    |||y0rusy50      ca</subfield>
  </datafield>
  <datafield tag="101" ind1="0" ind2=" ">
    <subfield code="a">rus</subfield>
  </datafield>
  <datafield tag="102" ind1=" " ind2=" ">
    <subfield code="a">RU</subfield>
  </datafield>
  <datafield tag="105" ind1=" " ind2=" ">
    <subfield code="a">a   |||||||||</subfield>
  </datafield>
  <datafield tag="200" ind1="1" ind2=" ">
    <subfield code="a">&#x422;&#x435;&#x43F;&#x43B;&#x43E;&#x444;&#x438;&#x437;&#x438;&#x447;&#x435;&#x441;&#x43A;&#x438;&#x435; &#x441;&#x432;&#x43E;&#x439;&#x441;&#x442;&#x432;&#x430; &#x438; &#x434;&#x438;&#x430;&#x433;&#x440;&#x430;&#x43C;&#x43C;&#x44B; &#x430;&#x43B;&#x44C;&#x442;&#x435;&#x440;&#x43D;&#x430;&#x442;&#x438;&#x432;&#x43D;&#x44B;&#x445; &#x445;&#x43E;&#x43B;&#x43E;&#x434;&#x438;&#x43B;&#x44C;&#x43D;&#x44B;&#x445; &#x430;&#x433;&#x435;&#x43D;&#x442;&#x43E;&#x432;</subfield>
    <subfield code="e">&#x423;&#x447;&#x435;&#x431;. &#x43F;&#x43E;&#x441;&#x43E;&#x431;&#x438;&#x435;</subfield>
    <subfield code="e">[&#x414;&#x43B;&#x44F; &#x441;&#x442;&#x443;&#x434;&#x435;&#x43D;&#x442;&#x43E;&#x432; &#x432;&#x441;&#x435;&#x445; &#x441;&#x43F;&#x435;&#x446;.]</subfield>
    <subfield code="f">&#x41E;.&#x411;. &#x426;&#x432;&#x435;&#x442;&#x43A;&#x43E;&#x432;, &#x410;.&#x412;. &#x41A;&#x43B;&#x435;&#x446;&#x43A;&#x438;&#x439;, &#x42E;.&#x410;. &#x41B;&#x430;&#x43F;&#x442;&#x435;&#x432;</subfield>
    <subfield code="g">&#x41C;-&#x432;&#x43E; &#x43E;&#x431;&#x449;. &#x438; &#x43F;&#x440;&#x43E;&#x444;. &#x43E;&#x431;&#x440;&#x430;&#x437;&#x43E;&#x432;&#x430;&#x43D;&#x438;&#x44F; &#x420;&#x43E;&#x441;. &#x424;&#x435;&#x434;&#x435;&#x440;&#x430;&#x446;&#x438;&#x438;, &#x421;.-&#x41F;&#x435;&#x442;&#x435;&#x440;&#x431;. &#x433;&#x43E;&#x441;. &#x430;&#x43A;&#x430;&#x434;. &#x445;&#x43E;&#x43B;&#x43E;&#x434;&#x430; &#x438; &#x43F;&#x438;&#x449;. &#x442;&#x435;&#x445;&#x43D;&#x43E;&#x43B;&#x43E;&#x433;&#x438;&#x439;</subfield>
  </datafield>
  <datafield tag="210" ind1=" " ind2=" ">
    <subfield code="a">&#x421;&#x41F;&#x431;.</subfield>
    <subfield code="c">&#x421;&#x41F;&#x431;&#x413;&#x410;&#x425;&#x41F;&#x422;</subfield>
    <subfield code="d">1997</subfield>
  </datafield>
  <datafield tag="215" ind1=" " ind2=" ">
    <subfield code="a">95 &#x441;.</subfield>
    <subfield code="c">&#x438;&#x43B;.</subfield>
    <subfield code="d">20</subfield>
  </datafield>
  <datafield tag="320" ind1=" " ind2=" ">
    <subfield code="a">&#x411;&#x438;&#x431;&#x43B;&#x438;&#x43E;&#x433;&#x440;.: &#x441;. 94</subfield>
  </datafield>
  <datafield tag="606" ind1="0" ind2=" ">
    <subfield code="a">&#x425;&#x43E;&#x43B;&#x43E;&#x434;&#x438;&#x43B;&#x44C;&#x43D;&#x44B;&#x435; &#x430;&#x433;&#x435;&#x43D;&#x442;&#x44B;</subfield>
    <subfield code="j">&#x420;&#x443;&#x43A;&#x43E;&#x432;&#x43E;&#x434;&#x441;&#x442;&#x432;&#x430;,&#x43F;&#x43E;&#x441;&#x43E;&#x431;&#x438;&#x44F; &#x438; &#x442;.&#x43F;. &#x434;&#x43B;&#x44F; &#x432;&#x44B;&#x441;&#x448;&#x435;&#x439; &#x448;&#x43A;&#x43E;&#x43B;&#x44B;</subfield>
    <subfield code="x">&#x422;&#x435;&#x43F;&#x43B;&#x43E;&#x444;&#x438;&#x437;&#x438;&#x447;&#x435;&#x441;&#x43A;&#x438;&#x435; &#x441;&#x432;&#x43E;&#x439;&#x441;&#x442;&#x432;&#x430;</subfield>
    <subfield code="9">1909626</subfield>
    <subfield code="3">RU\NLR\auth\661159467</subfield>
  </datafield>
  <datafield tag="606" ind1="0" ind2=" ">
    <subfield code="a">&#x425;&#x43E;&#x43B;&#x43E;&#x434;&#x438;&#x43B;&#x44C;&#x43D;&#x44B;&#x435; &#x430;&#x433;&#x435;&#x43D;&#x442;&#x44B;</subfield>
    <subfield code="j">&#x423;&#x447;&#x435;&#x431;&#x43D;&#x44B;&#x435; &#x438;&#x437;&#x434;&#x430;&#x43D;&#x438;&#x44F; &#x434;&#x43B;&#x44F; &#x432;&#x44B;&#x441;&#x448;&#x435;&#x439; &#x448;&#x43A;&#x43E;&#x43B;&#x44B;</subfield>
    <subfield code="x">&#x422;&#x435;&#x43F;&#x43B;&#x43E;&#x444;&#x438;&#x437;&#x438;&#x447;&#x435;&#x441;&#x43A;&#x438;&#x435; &#x441;&#x432;&#x43E;&#x439;&#x441;&#x442;&#x432;&#x430;</subfield>
    <subfield code="9">1909626</subfield>
    <subfield code="3">RU\NLR\auth\661159467</subfield>
  </datafield>
  <datafield tag="686" ind1=" " ind2=" ">
    <subfield code="a">&#x417;392-032&#x44F;73-1</subfield>
  </datafield>
  <datafield tag="686" ind1=" " ind2=" ">
    <subfield code="a">&#x417;311.1&#x44F;73-1</subfield>
  </datafield>
  <datafield tag="700" ind1=" " ind2="1">
    <subfield code="4">070</subfield>
    <subfield code="8">rus</subfield>
    <subfield code="7">ca</subfield>
    <subfield code="a">&#x426;&#x432;&#x435;&#x442;&#x43A;&#x43E;&#x432;</subfield>
    <subfield code="b">&#x41E;. &#x411;.</subfield>
    <subfield code="c">&#x434;-&#x440; &#x442;&#x435;&#x445;&#x43D;. &#x43D;&#x430;&#x443;&#x43A;</subfield>
    <subfield code="g">&#x41E;&#x43B;&#x435;&#x433; &#x411;&#x43E;&#x440;&#x438;&#x441;&#x43E;&#x432;&#x438;&#x447;</subfield>
    <subfield code="3">RU\NLR\auth\772223</subfield>
    <subfield code="9">112239</subfield>
  </datafield>
  <datafield tag="701" ind1=" " ind2="1">
    <subfield code="4">070</subfield>
    <subfield code="8">rus</subfield>
    <subfield code="7">ca</subfield>
    <subfield code="a">&#x41A;&#x43B;&#x435;&#x446;&#x43A;&#x438;&#x439;</subfield>
    <subfield code="b">&#x410;. &#x412;.</subfield>
    <subfield code="g">&#x410;&#x43B;&#x435;&#x43A;&#x441;&#x430;&#x43D;&#x434;&#x440; &#x412;&#x43B;&#x430;&#x434;&#x438;&#x43C;&#x438;&#x440;&#x43E;&#x432;&#x438;&#x447;</subfield>
    <subfield code="3">RU\NLR\auth\776368</subfield>
    <subfield code="9">116322</subfield>
  </datafield>
  <datafield tag="701" ind1=" " ind2="1">
    <subfield code="4">070</subfield>
    <subfield code="8">rus</subfield>
    <subfield code="7">ca</subfield>
    <subfield code="a">&#x41B;&#x430;&#x43F;&#x442;&#x435;&#x432;</subfield>
    <subfield code="b">&#x42E;. &#x410;.</subfield>
    <subfield code="g">&#x42E;&#x440;&#x438;&#x439; &#x410;&#x43B;&#x435;&#x43A;&#x441;&#x430;&#x43D;&#x434;&#x440;&#x43E;&#x432;&#x438;&#x447;</subfield>
    <subfield code="3">RU\NLR\auth\772224</subfield>
    <subfield code="9">112240</subfield>
  </datafield>
  <datafield tag="801" ind1=" " ind2="0">
    <subfield code="a">RU</subfield>
    <subfield code="b">NLR</subfield>
    <subfield code="c">19980825</subfield>
    <subfield code="g">PSBO</subfield>
  </datafield>
  <datafield tag="801" ind1=" " ind2="1">
    <subfield code="a">RU</subfield>
    <subfield code="b">NLR</subfield>
    <subfield code="c">19980825</subfield>
  </datafield>
  <datafield tag="852" ind1=" " ind2=" ">
    <subfield code="a">NLR</subfield>
    <subfield code="j">98-4/1296</subfield>
  </datafield>
  <datafield tag="942" ind1=" " ind2=" ">
    <subfield code="c">BOOK</subfield>
  </datafield>
  <datafield tag="980" ind1=" " ind2=" ">
    <subfield code="a">NB</subfield>
  </datafield>
  <datafield tag="995" ind1=" " ind2=" ">
    <subfield code="5">2013-10-26</subfield>
    <subfield code="b">NLR01</subfield>
    <subfield code="c">NLR01</subfield>
    <subfield code="e">RF8</subfield>
    <subfield code="f">5184-10</subfield>
    <subfield code="k">98-4/1296</subfield>
    <subfield code="o">0</subfield>
    <subfield code="r">BOOK</subfield>
    <subfield code="s">9841296_</subfield>
  </datafield>
</record>
